000 00816na a2200265 4500
001 22739
003 MIRAKIL
005 20181213154804.0
008 170224b tu 000 0
035 _a18622
040 _aMilas
_btur
_cTR-AnCHP
041 _atur
082 _aCHP 352.9561
_bT66y [t.y.]
090 _aCHP 352.9561 T66y [t.y.]
100 _aToprakoğlu, Celal
245 _aYaşanabilir bir kent için yeni bir yönetim geliştirme-iyileştirme projeleri
_cCelal Toprakoğlu
260 _a[Ankara]
_b[CHP]
_c[t.y.]
300 _a229 s.
_c30 sm.
610 _aCHP
_xKent politikası
610 _aCHP
_xProgramlar
_yYerel yönetim
650 _aYerel yönetim
_xSosyal demokrasi
_zTürkiye
650 _aKentleşme
_zTürkiye
650 _aYerel yönetimler
_xYönetim
_zTürkiye
942 _2ddc
_cBKS
999 _c875
_d875